000 00523nam a2200181Ia 4500
008 090124s9999 xx 000 0 und d
082 _b20492
_a2269
100 _aदेशमुख चिंतामणराव
245 _a मेघदूत
250 _a2
260 _c1974
300 _a94
600 _aदेशमुख चिंतामणराव
630 _a मेघदूत
700 _aदेशमुख चिंतामणराव
730 _a मेघदूत
942 _cBOOK
999 _c134297
_d134297